000 00597nam a22001937a 4500
005 20221027160640.0
008 221027b ||||| |||| 00| 0 eng d
020 _a9781046041242
040 _cAIMIT LIBRARY
082 _21
100 _aFrankl, Viktor E.
_960339
245 _aMans search for meaning :
_bclassic tribute to hope from the holocaust /
_cBy Viktor E Frankl.
250 _a1st ed.
260 _aLondon ,
_bRider ;
_c2008.
300 _a154 p. ;
_c18.5 cm.
650 _2Experience in a concentration camp
650 _2logotherapy in a nutshell
942 _2ddc
_cBK
_k374.22 FRAV
999 _c224923
_d224923